Viliam Gérik
| Titel: | Viliam Gérik : o milosť som sa nedoprosoval : osud popraveného parašutistu, vycvičeného počas druhej svetovej vojny vo Vel'kej Británii : historicko-literárna monografia / Jozef Leikert |
|---|---|
| Verfasser: | |
| Ausgabe: | Prvé vydanie |
| Veröffentlicht: | Bratislava : Luna, 2025 |
| Umfang: | 803 Seiten : Illustrationen |
| Format: | Buch |
| Sprache: | Slowakisch |
| ISBN: | 9788097293581 |
alg: 54155283 001A $03004:23-01-26 001B $03004:13-02-26 $t11:24:00.000 001D $03004:13-02-26 001U $0utf8 001X $00 002@ $0Aau 002C $aText $btxt $2rdacontent 002D $aohne Hilfsmittel zu benutzen $bn $2rdamedia 002E $aBand $bnc $2rdacarrier 003@ $054155283X 004A $A978-80-972935-8-1 007A $054155283X $aHEB 010@ $aslo 010E $erda 011@ $a2025 013D $RBiograf $RLebenslauf $RBiografik $#Biography $#Biography as a literary form $#Biographies $#Biografie $#Biografía $#biographies $#Biographie $#Biographie $#Biographie $#Biographisches Nachschlagewerk $#Lebensbeschreibung $#Berühmte Persönlichkeit Biografie $#Biografisches Nachschlagewerk $74006804-3 $8Biografie [Tsz] $9085010375 021A $aViliam Gérik $do milosť som sa nedoprosoval : osud popraveného parašutistu, vycvičeného počas druhej svetovej vojny vo Vel'kej Británii : historicko-literárna monografia $hJozef Leikert 028A $BVerfasser $4aut $7131370138 $8Leikert, Jozef$Z1955- [Tp1] $9176356401 032@ $aPrvé vydanie 033A $pBratislava $nLuna 034D $a803 Seiten 034M $aIllustrationen 037A $aLiteraturverzeichnis Seite 769-780 044K $71390119475 $8Gérik, Viliam$Z1920-1947 [Tp3] $9542176106 044K $#Heydrich, Reinhard $#Gejdrich, Rejnchard $#Heydrich, Reinhard Tristan Eugen $7118550640 $8Heydrich, Reinhard$Z1904-1942 [Tp1] $9086891677 044K $RTschechoslowakei $RTschechoslowakei $#Slowakei $#Slowakei $#Slowakei $#Slowakische Republik (1938-1945) $#Slowakische Republik $#Oberungarn $#Slovensko $#Slovenská Republika $#Slovenská SR $#SSR $#Slovakia $#Slovaquie $#Slovak Republic $#République Slovaque $#Slovenská Socialistická Republika $#Slowakische Sozialistische Republik $#Slovak Socialist Republic $#République Socialiste Slovaque $74055297-4 $8Slowakei [Tg1] $9085153834 044K $RSchottland $REngland $#Großbritannien $#Großbritannien $#Vereinigtes Königreich $#بريطانيا العظمى $#Vereinigtes Königreich von Großbritannien und Nordirland $#Großbritannien und Nordirland $#England 1707- $#UK $#Angleterre Großbritannien $#Brīṭāniyā al-ʿUẓmā $#Brīṭāniya 'l-ʿUẓmā $#Vereinigtes Königreich Großbritannien und Nordirland $#United Kingdom $#United Kingdom of Great Britain and Northern Ireland $#Great Britain $#Grande Bretagne $#British Isles $#United Kingdom of Great Britain and Ireland $#Royaume-Uni $#Gran Bretagna $#UK United Kingdom $#U.K. United Kingdom $#GB Great Britain $#England Staat ab 1707 $#Grande-Bretagne $#Grossbritannien $#British Empire $#Britisches Reich $74022153-2 $8Großbritannien [Tgz] $9085054151 044K $RTschechien $RBöhmen $RTschechoslowakei $#Böhmen und Mähren Protektorat $#Reichsprotektorat Böhmen und Mähren $#Protektorát Čechy a Morava $74076390-0 $8Protektorat Böhmen und Mähren [Tg1] $9085216569 044K $RPreußen $#Gestapo $#Deutsches Reich, Gestapo $#Geheime Staatspolizei $#Gestapo $#Berliner Politische Polizei $#Berlin, Politische Polizei $#Politische Polizei $#Deutsches Reich, Politische Polizei $#Deutsches Reich, Gestapa $#Geheimes Staatspolizeiamt $#Gestapa $72029665-4 $8Deutsches Reich$bGeheime Staatspolizei [Tb1] $9042822017 044K $RSoldat $74351586-1 $8Tschechoslowakischer Soldat [Ts1] $908822435X 044K $#World War, 1939-1945 Collaborationists $#Collaborationists $#Guerre mondiale (1939-1945) Collaborateurs $#Collaborateurs (histoire) $#Guerra mundial, 1939-1945 Colaboracionistas $#Kollaboration $#Kollaboration $74031748-1 $8Kollaboration [Ts1] $9085084182 044K $#politische Entwicklung $#Politikprozess $74175043-3 $8Politischer Prozess [Ts1] $9085818003 045F $a355.009437309044 $eDDC23BSB 045F/01 $a355.009 045F/03 $f09044 045F/03 $g4373 045F/03 $g41 045R $aGeschichte 1940-1947 046L $aEnglische, deutsche und ungarische Zusammenfassung lok: 54155283 24 exp: 54155283 24 1 #EPN 201B/01 $013-02-26 $t11:09:23.000 201C/01 $023-01-26 201U/01 $0utf8 203@/01 $01332758126 208@/01 $a04-02-26 $bz 209A/01 $a26.00206 $du $f050 $h26 00206 $x00 209C/01 $a26.00206 K $h26 00206 K 209G/01 $a74855598 $x00 220C/01 $akoe 247C/01 $8358050-7Marburg, Bibliothek des Herder-Instituts Marburg $9102600961
| LEADER | 00000cam a2200000 c 4500 | ||
|---|---|---|---|
| 001 | 54155283X | ||
| 003 | DE-603 | ||
| 005 | 20260213112400.0 | ||
| 007 | tu | ||
| 008 | 260123s2025 xx |||| | u00||u|slo c | ||
| 020 | |a 9788097293581 | ||
| 035 | |a (DE-599)HEB54155283X | ||
| 040 | |a DE-603 |b ger |c DE-603 |d DE-603 |e rda | ||
| 041 | |a slo | ||
| 082 | 0 | 4 | |8 1\u |a 355.009437309044 |q DE-101 |2 23/BSB |
| 085 | |8 1\u |b 355.009 | ||
| 085 | |8 1\u |z 1 |s 09044 | ||
| 085 | |8 1\u |z 2 |s 4373 | ||
| 085 | |8 1\u |z 2 |s 41 | ||
| 100 | 1 | |a Leikert, Jozef |d 1955- |e Verfasser |4 aut |0 (DE-603)176356401 |0 (DE-588)131370138 |2 gnd | |
| 245 | 0 | 0 | |a Viliam Gérik |b o milosť som sa nedoprosoval : osud popraveného parašutistu, vycvičeného počas druhej svetovej vojny vo Vel'kej Británii : historicko-literárna monografia |c Jozef Leikert |
| 250 | |a Prvé vydanie | ||
| 264 | 1 | |a Bratislava |b Luna |c 2025 | |
| 300 | |a 803 Seiten |b Illustrationen | ||
| 336 | |a Text |b txt |2 rdacontent | ||
| 337 | |a ohne Hilfsmittel zu benutzen |b n |2 rdamedia | ||
| 338 | |a Band |b nc |2 rdacarrier | ||
| 500 | |a Literaturverzeichnis Seite 769-780 | ||
| 546 | |a Englische, deutsche und ungarische Zusammenfassung | ||
| 600 | 1 | 7 | |a Gérik, Viliam |d 1920-1947 |0 (DE-588)1390119475 |0 (DE-603)542176106 |2 gnd |
| 600 | 1 | 7 | |a Heydrich, Reinhard |d 1904-1942 |0 (DE-588)118550640 |0 (DE-603)086891677 |2 gnd |
| 610 | 1 | 7 | |a Deutsches Reich |b Geheime Staatspolizei |2 gnd |0 (DE-588)2029665-4 |0 (DE-603)042822017 |
| 648 | 7 | |a Geschichte 1940-1947 |2 gnd | |
| 650 | 7 | |a Tschechoslowakischer Soldat |0 (DE-588)4351586-1 |0 (DE-603)08822435X |2 gnd | |
| 650 | 7 | |a Kollaboration |0 (DE-588)4031748-1 |0 (DE-603)085084182 |2 gnd | |
| 650 | 7 | |a Politischer Prozess |0 (DE-588)4175043-3 |0 (DE-603)085818003 |2 gnd | |
| 651 | 7 | |a Slowakei |0 (DE-588)4055297-4 |0 (DE-603)085153834 |2 gnd | |
| 651 | 7 | |a Großbritannien |0 (DE-588)4022153-2 |0 (DE-603)085054151 |2 gnd | |
| 651 | 7 | |a Protektorat Böhmen und Mähren |0 (DE-588)4076390-0 |0 (DE-603)085216569 |2 gnd | |
| 655 | 7 | |a Biografie |2 gnd-content |0 (DE-588)4006804-3 |0 (DE-603)085010375 | |
| 924 | 0 | |9 Mb 50 |a (DE-603)1332758126 |b DE-Mb50 |c HES |d c |g 26.00206 | |


